[Event "Santo Antonio de Jesus Bahia op"]
[Site "Santo Antonio de Jesus"]
[Date "2022.07.09"]
[Round "4"]
[White "Macedo, Gilsoney Candido"]
[Black "Da Silva, Claus Benicio"]
[Result "1/2-1/2"]
[WhiteElo "1800"]
[BlackElo "1689"]
[PlyCount "35"]
[EventDate "2022.07.07"]
[EventType "swiss"]
[EventRounds "6"]
[EventCountry "BRA"]
[SourceTitle "CBM 209 Extra"]
[Source "ChessBase"]
[SourceDate "2022.09.30"]
[SourceVersion "1"]
[SourceVersionDate "2022.09.30"]
[SourceQuality "1"]

1. d4 d5 2. c4 e6 3. e3 Nf6 4. Nf3 Be7 5. Bd3 0-0 6. 0-0 b6 7. Nbd2 Bb7 8. b3 Nbd7 9. Bb2 c5 10. Rc1 Rc8 11. Re1 Re8 12. e4 dxe4 13. Nxe4 Bxe4 14. Bxe4 Nxe4 15. Rxe4 Nf6 16. Re1 h6 17. dxc5 Qxd1 18. Rcxd1 1/2-1/2